00569nam a22001577a 4500003001100000008004100011040003900052041000800091082001600099111008400115245003900199260005100238300004000289650004500329650003700374LK-CoMWRAF240624b2004 |||||||| |||| 00| 0 eng d aLK-CoMWRAFdLK-CoMWRAFeLK-CoMWRAF aeng a305.42bWOM aNINTH NATIONAL CONVENTION ON WOMEN'S STUDIES c( Colombo, d20-23rd March 2004) aSESSION V:bInformation Technology aColombo: bCentre for Women's Research, c2004 aVarious pg. bBibliography included a WOMEN'S STUDIES- Sri Lanka- Congresses  aWomen and Information Technology